000 01429nam a2200217Ia 4500
999 _c37817
_d37817
001 3794
003 GE_BSU
005 20190809165149.0
008 181216s2005||||ge |||||||||||||| ||geo||
040 _cGE_BSU
041 _ageo
080 _a342.24(479.22) ს–32
245 _aსაქართველოს სახელმწიფო – უნიტარული თუ ფედერაციული :
_bსაქ. უმაღლ. სასწ. და სამეცნ. დაწესებულებების წარმომადგენელთა სამეცნ. კონფერენციის მასალები /
_cბათუმის სახ. უნ-ტის საქ. ისტ. კათედრა ; სარედ. საბჭო: ბიჭიკო დიასამიძე (რედ.) და სხვ.
264 _aბათუმი :
_bბათუმის უნ–ტი,
_c2005.
300 _a157 გვ. ;
_b21 სმ.
504 _aბიბლიოგრ. მასალების ბოლოს.
653 _aსაქართველოს სახელმწიფო წყობილება
700 _aდიასამიძე, ბიჭიკო
_eრედაქტორი
_917
710 _a ბათუმის სახ. უნ-ტის საქ. ისტ. კათედრა
_93493
942 _cBK
_2udc